00449 a2200133 4500001001000000005001700010008004100027245004500068100002700113700002800140700003100168700002400199773009200223ART_4513020260410162039.0260409a 10aMercado laboral y desarrollo territorial1 aOlguín, Jorge Raúl1 aBecerra, María Evelyn1 aVilchez, Virginia Carolina1 aRuiz, Karina Andrea0 tRevista de estudios regionales y mercado de trabajog- Nº 8 (ene./dic. 2012)wREV44894